000 00403nam a2200157Ia 4500
008 220204s9999 xx 000 0 und d
082 _a581.2:632.9(213.5)
_bKRA;3
245 0 _aDiseases pests and weeds in tropical crops
260 _aBerlin
_bVerlag Paul
_c1977
650 _aHevea pests
650 _aPests
650 _aTropical crops
650 _aWeeds
700 _aKRANZ, Jurgen
942 _cBK
999 _c32046
_d32046